Discusiones X : la coherencia en el derecho /

Guardado en:
Otros Autores: Navarro, Pablo E. (Director), Atienza, Manuel. (Editor )
Formato: Seriadas
Idioma:Spanish
Publicado: Bahía Blanca. edi UNS, 2011 ;
Materias:
Etiquetas: Agregar Etiqueta
Sin Etiquetas, Sea el primero en etiquetar este registro!
LEADER 00515nas a22001695a 4500
001 DER.der015680
008 260205s2011####ag#||#|||||||||###||spa||
005 20260211144430.0
222 0 |a Discusiones 
245 1 0 |a Discusiones X :  |b la coherencia en el derecho /  |c dirigido por Pablo E. Navarro. 
260 |b edi UNS,  |c 2011 ;  |a Bahía Blanca. 
300 |a 283 p. 
022 |a 15157326 
100 1 |a Navarro, Pablo E.  |4 drt 
700 1 |a Atienza, Manuel.  |4 edt 
653 |a FILOSOFIA DEL DERECHO 
859 |a DERECHO  |b BIB. DERECHO  |p 008633